000 nam a22 a 4500
999 _c2535
_d2535
003 AKMAL
005 20170517105449.0
008 170517s2000 my 00 eng d
020 _a9679988066 (pbk.)
040 _aAKMAL
082 0 4 _a615.5 PAL
_221
090 0 0 _a615.5
_bPAL
100 0 _aPalaniappan, V. M.,
_d1938-
_92973
245 1 0 _aHealth problems :
_bdiagnose yourself /
_cV.M. Palaniappan
260 _aSelangor :
_bEcohealth,
_c2000
300 0 0 _a147p. :
_bill. ;
_c23cm
500 _aIncludes index
504 _aIncludes bibliographical references
650 0 _aAlternative medicine
_92974
650 0 _aHealth
_92975
650 0 _aDiagnosis
_95276
942 _2ddc
_cBOOK